Quiz o Star Wars w 2 minuty - Statystyki

Ogólne statystyki
  • Ten quiz został rozwiązany 947 razy
  • Średni wynik to 7 z 16
Statystyki odpowiedzi
Pytanie Odpowiedź % Poprawnych
Przemytnik, który potem miał romans z Leią Han Solo
97%
Główny bohater części 4-6 Luke Skywalker
96%
"Wybraniec" Anakin Skywalker
94%
"Źli" użytkownicy mocy, odrodzili swoje imperium w starej republice Sithowie
83%
Planeta, na której wychował się Luke Tatooine
65%
Główny zły częsci 4-6, stworzyciel Imperium Palpatine
59%
Kapitan pięćset pierwszego Rex
46%
Wujek Luka Owen
43%
Mistrz Jedi, który znalazł młodą padawankę Anakina (czt. Ashoke) Plo Koon
42%
Mistrz Anakina Skywalkera, który potem został przebity mieczem Qui-Gon Jinn
42%
Mistrz Qui-Gona Hrabia Dooku
31%
Niebieskoskóra mistrzyni Jedi, która zgineła podczas czystki Aayla Secura
28%
Kochanka Obi-Wana, która zgineła z rąk Maula Satine Kryze
7%
Zastępca komandora imperialnego oddziału Inferno Agent Hask
4%
Dowódca Straży Śmierci (Deathwatch) Pre Vizsla
3%
Komandor trzysta trzydziestego drugiego Jeese
1%
Nie znaleziono quizów pasujących do podanych kryteriów
Rozkład punktacji
Procent ludzi z każdym wynikiem
Percentyl według liczby udzielonych odpowiedzi
Twoja historia wyników
Nie rozwiązałeś tego quizu